| 000 | 00354 a2200145 4500 | ||
|---|---|---|---|
| 999 |
_c12035 _d12035 |
||
| 003 | OSt | ||
| 005 | 20240117161313.0 | ||
| 008 | 240117b ||||| |||| 00| 0 eng d | ||
| 020 | _a9788957702475 | ||
| 082 | _a712 | ||
| 100 | _a Archiworld | ||
| 245 | _aLandscape Architect, Vol.3: Samsung Everland | ||
| 260 |
_bArchiworld Co,.Ltd _c2008 |
||
| 942 | _2ddc | ||